MARC details
| 000 -CABECERA |
| campo de control de longitud fija |
01853nam a2200409 a 4500 |
| 001 - NÚMERO DE CONTROL |
| campo de control |
000025728 |
| 005 - FECHA Y HORA DE LA ÚLTIMA TRANSACCIÓN |
| campo de control |
20200930024013.0 |
| 008 - DATOS DE LONGITUD FIJA--INFORMACIÓN GENERAL |
| campo de control de longitud fija |
110221s1986 ck a r 001 0 spa d |
| 020 ## - NÚMERO INTERNACIONAL ESTÁNDAR DEL LIBRO |
| Número Internacional Estándar del Libro |
9589028225 |
| 020 ## - NÚMERO INTERNACIONAL ESTÁNDAR DEL LIBRO |
| Número Internacional Estándar del Libro |
9589028241 (t. 2) |
| 020 ## - NÚMERO INTERNACIONAL ESTÁNDAR DEL LIBRO |
| Número Internacional Estándar del Libro |
958902825x (t. 3) |
| 020 ## - NÚMERO INTERNACIONAL ESTÁNDAR DEL LIBRO |
| Número Internacional Estándar del Libro |
9589028276 (t. 5) |
| 020 ## - NÚMERO INTERNACIONAL ESTÁNDAR DEL LIBRO |
| Número Internacional Estándar del Libro |
9589028284 (t. 6) |
| 040 ## - FUENTE DE LA CATALOGACIÓN |
| Centro catalogador/agencia de origen |
DO-SdBNP |
| Lengua de catalogación |
spa |
| Centro/agencia transcriptor |
BNPHU |
| 082 ## - NÚMERO DE LA CLASIFICACIÓN DECIMAL DEWEY |
| Número de clasificación |
nn* |
| Número de documento/Ítem |
nn* |
| 049 ## - FONDOS LOCALES (OCLC) |
| Fondos de biblioteca |
BNGR |
| 245 00 - MENCIÓN DE TÍTULO |
| Título |
Biografía de los constituyentes 1886. |
| 260 ## - PUBLICACIÓN, DISTRIBUCIÓN, ETC. |
| Lugar de publicación, distribución, etc. |
Bogotá, D. F. : |
| Nombre del editor, distribuidor, etc. |
Banco de la República, |
| Fecha de publicación, distribución, etc. |
1986. |
| 300 ## - DESCRIPCIÓN FÍSICA |
| Extensión |
v. : |
| Otras características físicas |
il. ; |
| Dimensiones |
20 cm. |
| 490 1# - MENCIÓN DE SERIE |
| Mención de serie |
Bibliográfica Banco de la República. Historia Colombiana |
| 500 ## - NOTA GENERAL |
| Nota general |
La biblioteca sólo posee los tomos 2, 3, 5 y 6. |
| 505 0# - NOTA DE CONTENIDO CON FORMATO |
| Información miscelánea |
T. 2. |
| Mención de responsabilidad |
Juan de Dios Ulloa, Guillermo Quintero Calderón y Antonio Carreño. |
| Título |
Las condiciones económico-sociales 1 -- |
| Información miscelánea |
T. 3. |
| Mención de responsabilidad |
Miguel A. Vives Arrantia, Juan Campo Serrano, Roberto Sarmiento y Acisclo Molano. |
| Título |
Las condiciones económico-sociales 2 -- |
| Información miscelánea |
T. 5. |
| Mención de responsabilidad |
Jose Maria Samper Agudelo, Felipe Fermin Paul y Carlos Calderon Reyes. |
| Título |
Debate constitucional 2 -- |
| Información miscelánea |
T. 6. |
| Mención de responsabilidad |
Jose Maria Campo Serrano, Simon de Herrera Leyva y Jose Laborde Ariza. |
| Título |
Los Admiradores. |
| 700 1# - PUNTO DE ACCESO ADICIONAL--NOMBRE DE PERSONA |
| Nombre de persona |
Ulloa, Juan de Dios. |
| 9 (RLIN) |
52501 |
| 700 1# - PUNTO DE ACCESO ADICIONAL--NOMBRE DE PERSONA |
| Nombre de persona |
Quintero Calderón, Guillermo. |
| 9 (RLIN) |
52502 |
| 700 1# - PUNTO DE ACCESO ADICIONAL--NOMBRE DE PERSONA |
| Nombre de persona |
Carreño, Antonio. |
| 9 (RLIN) |
52503 |
| 700 1# - PUNTO DE ACCESO ADICIONAL--NOMBRE DE PERSONA |
| Nombre de persona |
Vives Orrantia, Miguel A. |
| 9 (RLIN) |
52504 |
| 700 1# - PUNTO DE ACCESO ADICIONAL--NOMBRE DE PERSONA |
| Nombre de persona |
Campo Serrano, Juan. |
| 9 (RLIN) |
52505 |
| 700 1# - PUNTO DE ACCESO ADICIONAL--NOMBRE DE PERSONA |
| Nombre de persona |
Sarmiento, Roberto. |
| 9 (RLIN) |
52506 |
| 700 1# - PUNTO DE ACCESO ADICIONAL--NOMBRE DE PERSONA |
| Nombre de persona |
Molano, Acisclo. |
| 9 (RLIN) |
52507 |
| 700 1# - PUNTO DE ACCESO ADICIONAL--NOMBRE DE PERSONA |
| Nombre de persona |
Samper Agudelo, Jose Maria. |
| 9 (RLIN) |
52508 |
| 700 1# - PUNTO DE ACCESO ADICIONAL--NOMBRE DE PERSONA |
| Nombre de persona |
Fermin Paul, Felipe. |
| 9 (RLIN) |
52509 |
| 700 1# - PUNTO DE ACCESO ADICIONAL--NOMBRE DE PERSONA |
| Nombre de persona |
Calderon Reyes, Carlos. |
| 9 (RLIN) |
52510 |
| 700 1# - PUNTO DE ACCESO ADICIONAL--NOMBRE DE PERSONA |
| Nombre de persona |
Campo Serrano, Jose Maria. |
| 9 (RLIN) |
52511 |
| 700 1# - PUNTO DE ACCESO ADICIONAL--NOMBRE DE PERSONA |
| Nombre de persona |
Herrera Leyva, Simon de. |
| 9 (RLIN) |
52512 |
| 700 1# - PUNTO DE ACCESO ADICIONAL--NOMBRE DE PERSONA |
| Nombre de persona |
Laborde Ariza, Jose. |
| 9 (RLIN) |
52513 |
| 830 #0 - PUNTO DE ACCESO ADICIONAL DE SERIE-TÍTULO UNIFORME |
| Título uniforme |
Bibliográfica Banco de la República |
| Nombre de parte o sección de la obra |
Historia Colombiana |
| 9 (RLIN) |
34839 |